[Event "TCh-CZE Extraliga 2012-13"]
[Site "Czech Republic CZE"]
[Date "2013.04.26"]
[Round "9.3"]
[White "Polak,T"]
[Black "Sasikiran,K"]
[Result "1/2-1/2"]
[WhiteElo "2520"]
[BlackElo "2676"]

1.d4 Nf6 2.c4 e6 3.Nf3 b6 4.g3 Ba6 5.b3 d5 6.cxd5 exd5 7.Bg2 Bb4+ 8.Bd2 Be7
9.O-O O-O 10.Nc3 Bb7 11.Qc2 Na6 12.Rad1 Re8 13.Bf4 Bd6 14.Bxd6 Qxd6 15.Qb2 Rad8
16.Ne5 c5 17.e3 cxd4 18.exd4 Nc7 19.Rfe1 Ne6 20.f4 a6 21.h3 Rc8 22.Re3 b5
23.b4 Red8 24.Ne2 Rc7 25.Nd3 Re7 26.Re1 Rde8 27.Qc1 g6 28.Nc5 Ba8 29.Re5 Ne4
30.Nxe6 Rxe6 31.a3 f6 32.Rxe6 Qxe6 33.Nc3 Qb6 34.Nxe4 dxe4 35.Qc5 Qe6 36.Rc1 Bd5
37.g4 Bc4 38.f5 gxf5 39.gxf5 Qd7 40.d5 Qxd5 41.Bf1 Qd2 42.Bxc4+ bxc4 43.Qxc4+ Kh8
44.Kh1 Qg5 45.Rg1 Qxf5 46.Rg3 Rc8 47.Qe2 Rc1+ 48.Kh2 Rc8 49.a4 Qf4 50.Kg2 Rd8
51.Qe3 Rd2+ 52.Kg1 Rd1+ 53.Kh2 Rd2+ 54.Kg1 Qxe3+ 55.Rxe3 f5 56.Rb3 Kg7 57.b5 axb5
58.axb5 Kf6 59.b6 Rd8 60.b7 Rb8 61.Rb5 Ke6 62.Kf2 f4 63.Ke2 Kd6 64.Rb4 Kd5
65.Rb5+ Kc4 66.Rb1 h5 67.Rb6 Kc3 68.Rb5 h4 69.Rb6 Kc4 70.Rb1 Kc5 71.Rb2 Kc6
72.Rb4 Kd5 73.Rb5+ Kd4 74.Rb4+ Ke5 75.Rb5+ Kd6 76.Rb4 Kd5 77.Rb5+ Kc6 78.Rb4 Rxb7
79.Rxe4 Rb3 80.Rxf4 Rxh3  1/2-1/2

[Event "TCh-CZE Extraliga 2012-13"]
[Site "Czech Republic CZE"]
[Date "2013.04.27"]
[Round "10.3"]
[White "Jirka,J"]
[Black "Sasikiran,K"]
[Result "0-1"]
[WhiteElo "2411"]
[BlackElo "2676"]

1.d4 d5 2.Nf3 Nf6 3.g3 c5 4.Bg2 cxd4 5.O-O Bd7 6.Bf4 Nc6 7.Nxd4 Qb6 8.Nb3 e6
9.N1d2 e5 10.Bg5 Be6 11.Bxf6 gxf6 12.e4 d4 13.Qh5 O-O-O 14.Bh3 Qc7 15.f4 Bxh3
16.Qxh3+ Kb8 17.fxe5 Nxe5 18.Rac1 h5 19.Rxf6 h4 20.Rf5 Be7 21.Qg2 hxg3 22.hxg3 Rdg8
23.Nf1 Ng4 24.Rf3 Qb6 25.Rd3 Bg5 26.Re1 Be3+ 27.Nxe3 Nxe3 28.Qf3 Qc7 29.Rexe3 dxe3
30.Rxe3 Rh3 31.Kg2 Rhxg3+ 32.Qxg3 Rxg3+ 33.Rxg3 Qxc2+ 34.Kf3 Qxb2 35.Rg2 Qc3+
36.Kf4 a5 37.Nd2 Qc2 38.e5 Qxa2 39.Rg8+ Ka7 40.Ne4 Qc4  0-1

[Event "TCh-CZE Extraliga 2012-13"]
[Site "Czech Republic CZE"]
[Date "2013.04.28"]
[Round "11.3"]
[White "Sasikiran,K"]
[Black "Vokac,M"]
[Result "1/2-1/2"]
[WhiteElo "2676"]
[BlackElo "2471"]

1.d4 g6 2.c4 Bg7 3.e4 d6 4.Nc3 Nf6 5.Nf3 O-O 6.Be2 e5 7.O-O Nc6 8.d5 Ne7
9.b4 c6 10.Rb1 cxd5 11.cxd5 Ne8 12.Bd2 Kh8 13.Qb3 Ng8 14.b5 b6 15.a4 Bh6
16.Bxh6 Nxh6 17.Qa3 Kg7 18.a5 Bg4 19.Nd2 Bxe2 20.Nxe2 f5 21.Rbc1 a6 22.Rc6 axb5
23.a6 fxe4 24.Nxe4 Nf5 25.Qb2 Rxa6 26.Nf4 Nd4 27.Ne6+ Nxe6 28.dxe6 Ra7 29.Qxb5 d5
30.Nc3 Ra5 31.Qb4 Rf4 32.e7 Qd7 33.Qxb6 d4 34.Ne2 Rf5 35.Ng3 Rf7 36.Qxa5 Qxc6
37.Qxe5+ Qf6 38.Re1 d3 39.f3 d2 40.Qxf6+ Nxf6 41.Rd1 Rxe7 42.Rxd2 Ra7 43.Kf2 Rb7
44.h3 Ra7 45.Ne2 Kf7 46.Nf4 Ra4 47.Nd3 Ra7 48.g4 Kg7 49.Nc5 Kf7 50.Rd4 Ra5
51.Rc4 Nd5 52.Kg3 Nf6 53.Nd3 Ra7 54.Nf4 Rd7 55.Rc5 Ra7 56.h4 Ra3 57.Rc7+ Ke8
58.Rc4 Kf7 59.Rb4 Ra7 60.Rb5 Ra3 61.Rb7+ Ke8 62.Ne6 Nd7 63.Kf4 h6 64.Rc7 Ra4+
65.Kg3 Ra3 66.Nd4 Rd3 67.Nc6 Ra3 68.Rc8+ Kf7 69.Rd8 Nc5 70.Rd4 Rc3 71.Nb4 Ne6
72.Rd7+ Ke8 73.Rd6 Ke7 74.Rb6 Rc5 75.Nd3 Ra5 76.Rb7+ Kf8 77.Rh7 h5 78.Rd7 hxg4
79.Kxg4 Ra1 80.Ne5 Rg1+ 81.Kh3 Nf4+ 82.Kh2 Rg2+ 83.Kh1 Re2 84.Ng4 Nh5 85.Kg1 Ra2
86.Rd6 Kg7 87.Rd7+ Kf8 88.Ne5 Ra6 89.Kf2 Re6 90.Nd3 Rf6 91.Rd4 Kg7 92.Ne5 Re6
93.Ng4 Nf6 94.Ne3 Ra6 95.Rb4 Ra2+ 96.Kf1 Ra3 97.Kf2 Ra2+ 98.Kf1 Ra3 99.Rb7+ Kf8
100.Kf2 Ra2+ 101.Kg3 Re2 102.Rb3 Kg7 103.f4 Ra2 104.f5 gxf5 105.Nxf5+ Kg6
106.Ne7+ Kf7 107.Nc6 Ra4 108.Ne5+ Ke6 109.Nf3 Ne4+ 110.Kh3 Kf5 111.Rb8 Ra3
112.Rf8+ Nf6 113.Kg2 Ra6 114.Kg3 Kg6 115.Ne5+ Kh6 116.Kf4 Nh5+ 117.Kf5 Ng7+
118.Kg4 Ra4+ 119.Kf3 Ra3+ 120.Ke4 Ra4+ 121.Kd3 Kh7 122.Nf3 Ne6 123.Rf7+ Kg8
124.Rf5 Rf4 125.Rxf4  1/2-1/2

[Event "Asian Continental 2013"]
[Site "Manila PHI"]
[Date "2013.05.18"]
[Round "1.3"]
[White "Nadera,B"]
[Black "Sasikiran,K"]
[Result "1/2-1/2"]
[WhiteElo "2388"]
[BlackElo "2669"]

1.d4 Nf6 2.c4 e6 3.Nc3 Bb4 4.Qc2 d5 5.a3 Bxc3+ 6.Qxc3 O-O 7.Bg5 c5 8.Nf3 cxd4
9.Qxd4 Nc6 10.Qh4 Qa5+ 11.Bd2 Qa4 12.e3 Qc2 13.b4 Ne4 14.Rc1 Qb2 15.Bd3 f5
16.Bxe4 fxe4 17.b5 exf3 18.bxc6 bxc6 19.gxf3 Ba6 20.Rg1 Rf7 21.Qg4 Re8 22.cxd5 exd5
23.Qb4 Qf6 24.Rg3 d4 25.Qc5 Bb5 26.Qh5 Re5 27.Qg4 c5 28.Qc8+ Rf8 29.Qc7 Bc6
30.Qxa7 Bxf3 31.Rxc5 Be4 32.f4 Re7 33.Rc7 dxe3 34.Bxe3 Qa1+ 35.Kd2 Qb2+ 36.Ke1 Qb1+
37.Kd2 Qb2+ 38.Ke1 Rxc7 39.Qxc7 Bf5 40.Qe5 Qb1+ 41.Kf2 Bg6 42.Bd4 Qc2+ 43.Kg1 Qc1+
44.Kg2 Qc6+ 45.Kg1 Qd7 46.Rg5 Rd8 47.f5 Qxd4+ 48.Qxd4 Rxd4 49.fxg6 Rd2 50.gxh7+ Kxh7
51.Rg3 Ra2 52.h3 Kh6 53.Kf1 g5 54.Ke1 Kh5 55.Rc3 Kh4 56.Kf1 Rb2 57.Kg1 Ra2
58.Kf1  1/2-1/2

[Event "Asian Continental 2013"]
[Site "Manila PHI"]
[Date "2013.05.19"]
[Round "2.13"]
[White "Sasikiran,K"]
[Black "Farid,F"]
[Result "1/2-1/2"]
[WhiteElo "2669"]
[BlackElo "2369"]

1.d4 d6 2.Nf3 Bg4 3.c4 Bxf3 4.gxf3 Nd7 5.Nc3 c6 6.f4 g6 7.Bg2 Bg7 8.O-O Nh6
9.e4 O-O 10.Qd3 e6 11.Rd1 Qh4 12.Qg3 Qxg3 13.hxg3 Rfd8 14.Bf3 f5 15.d5 Bxc3
16.bxc3 fxe4 17.Bxe4 Nf6 18.Bg2 cxd5 19.cxd5 Nxd5 20.Bxd5 exd5 21.Rxd5 Rac8
22.Rd3 Rc6 23.Rb1 Rd7 24.Ba3 Nf7 25.Re1 Kf8 26.Rde3 Rc4 27.Kg2 Kg7 28.Bc1 a6
29.Re8 Nh6 30.R8e7+ Rxe7 31.Rxe7+ Kg8 32.Rxb7 Rxc3 33.Bb2 Rc2 34.Kf3 Nf5
35.g4 Ne7 36.a4 Kf7 37.f5 gxf5 38.gxf5 Kf8 39.f6 Ng6 40.Bd4 Rc4 41.Ke4 Rxa4
42.Rxh7 Nf4 43.Kxf4 Rxd4+ 44.Kf5 Rd1 45.Ra7 Rf1 46.f4 Ra1 47.Rd7 Rd1 48.Ra7 Ra1
49.Ke6 Re1+ 50.Kxd6 Re4 51.f5 Re1 52.f7 Kg7 53.Re7 Rd1+ 54.Ke6 Re1+ 55.Kd7 Rb1
56.Ke8 Rb8+ 57.Kd7 Rb7+ 58.Kd6 Rb6+ 59.Ke5 Kf8 60.Ra7 a5 61.Kf4 a4 62.Kg5 a3
63.Rxa3 Kxf7 64.Ra7+ Kg8 65.Re7 Kf8 66.Rc7 Ra6 67.Rb7 Rc6 68.Ra7 Rb6 69.Rh7 Kg8
70.Re7 Kf8 71.Re6 Rxe6 72.fxe6 Ke7 73.Kf5 Ke8 74.Kf6 Kf8 75.e7+ Ke8  1/2-1/2

[Event "Asian Continental 2013"]
[Site "Manila PHI"]
[Date "2013.05.20"]
[Round "3.13"]
[White "Nouri,H"]
[Black "Sasikiran,K"]
[Result "1/2-1/2"]
[WhiteElo "2368"]
[BlackElo "2669"]

1.e4 e5 2.Nf3 Nc6 3.Bb5 a6 4.Ba4 Nf6 5.O-O Be7 6.Re1 b5 7.Bb3 d6 8.c3 O-O
9.h3 Nb8 10.d4 Nbd7 11.Nbd2 Bb7 12.Bc2 Re8 13.Nf1 Bf8 14.Ng3 g6 15.b3 c6
16.Bg5 Bg7 17.Qd2 Nf8 18.Rad1 Ne6 19.Bh6 Qc7 20.b4 Rad8 21.Bb3 Bc8 22.Bxe6 Bxe6
23.Bxg7 Kxg7 24.dxe5 dxe5 25.Qg5 Rxd1 26.Rxd1 h6 27.Qxe5 Qxe5 28.Nxe5 Bxh3
29.Nxc6 Be6 30.f3 Rc8 31.Nd4 Rxc3 32.Nxe6+ fxe6 33.Rd6 Ra3 34.Rxe6 Rxa2 35.Re7+ Kf8
36.Ra7 h5 37.Nf1 Ra3 38.Kf2 h4 39.Ne3 Ra2+ 40.Kg1 Ra3 41.Nc2 Rd3 42.Rxa6 Kg7
43.e5 Nh5 44.Rd6 Nf4 45.Kh2 Rb3 46.Nd4 Rb2 47.Ne6+ Nxe6 48.Rxe6 Rxb4 49.Rb6 g5
50.Kh3 Rb2 51.g3 hxg3 52.Kxg3 Rb4  1/2-1/2

[Event "Asian Continental 2013"]
[Site "Manila PHI"]
[Date "2013.05.21"]
[Round "4.15"]
[White "Sasikiran,K"]
[Black "Turqueza,M"]
[Result "1-0"]
[WhiteElo "2669"]
[BlackElo "2280"]

1.d4 Nf6 2.c4 e6 3.Nf3 d5 4.Nc3 dxc4 5.e4 Bb4 6.e5 Nd5 7.Bd2 Bxc3 8.bxc3 b5
9.a4 c6 10.Ng5 a5 11.Qh5 Qe7 12.h4 h6 13.Ne4 O-O 14.Rh3 f5 15.Nd6 f4 16.g4 Bd7
17.g5 Be8 18.Qd1 hxg5 19.Qg4 Bg6 20.hxg5 Rd8 21.Bxf4 Rxd6 22.exd6 Qf7 23.Be5 Bf5
24.g6 Qxg6 25.Qxg6 Bxg6 26.Rg3 Kf7 27.Bh3 Nd7 28.Bxe6+ Kxe6  1-0

[Event "Asian Continental 2013"]
[Site "Manila PHI"]
[Date "2013.05.22"]
[Round "5.8"]
[White "Debashis,D"]
[Black "Sasikiran,K"]
[Result "0-1"]
[WhiteElo "2488"]
[BlackElo "2669"]

1.e4 c5 2.Nf3 d6 3.d4 cxd4 4.Nxd4 Nf6 5.Nc3 a6 6.Be3 e6 7.Be2 Qc7 8.a4 b6
9.f4 Bb7 10.Bd3 Nbd7 11.Qe2 Be7  0-1

[Event "Asian Continental 2013"]
[Site "Manila PHI"]
[Date "2013.05.23"]
[Round "6.4"]
[White "Sasikiran,K"]
[Black "Vidit,S"]
[Result "1/2-1/2"]
[WhiteElo "2669"]
[BlackElo "2549"]

1.e4 c5 2.Nf3 Nc6 3.Bb5 d6 4.O-O Bd7 5.Re1 Nf6 6.c3 a6 7.Bf1 Bg4 8.h3 Bxf3
9.Qxf3 g6 10.d3 Bg7 11.Be3 O-O 12.Nd2 Nd7 13.Qd1 b5 14.a3 e6 15.g3 Qc7 16.Nf3 Nce5
17.Rc1 Qb7 18.Nh2 a5 19.f4 Nc6 20.Nf3 a4 21.Bf2 b4 22.d4 bxa3 23.bxa3 Na5
24.Rb1 Nb3 25.Nd2 Rfb8 26.f5 exf5 27.exf5 cxd4 28.cxd4 d5 29.Bg2 Bh6 30.Be3 Bg7
31.Kh2 Qb5 32.Bf4 Rb6 33.Re3 Bxd4 34.Nxb3 Bxe3 35.Bxe3 axb3 36.Bxb6 Nxb6
37.Rxb3 Qc5 38.Qd3 Rc8 39.Qd2 d4 40.f6 Nd7 41.Rb4 Nxf6 42.Qxd4 Qxd4 43.Rxd4 Rc2
44.a4 Ra2 45.g4 h6 46.Kg3 Kf8 47.Bc6 Ke7 48.Bb5 Ra1 49.Kf3 Ke6 50.Rd3 Ke5
51.Re3+ Kd6 52.Rd3+ Ke5 53.Bc4 Rxa4 54.Re3+ Kd4 55.Bxf7 g5 56.Bg6 Kd5 57.Bf7+ Kd4
58.Bg6  1/2-1/2

[Event "29th ECC Open 2013"]
[Site "Rhodes GRE"]
[Date "2013.10.20"]
[Round "1.4"]
[White "Paakkonen,T"]
[Black "Sasikiran,K"]
[Result "0-1"]
[WhiteElo "2290"]
[BlackElo "2662"]

1.e4 c5 2.Nc3 d6 3.Nge2 Nf6 4.d4 cxd4 5.Nxd4 a6 6.a4 e6 7.Be2 Be7 8.O-O O-O
9.Be3 Nc6 10.f4 Qc7 11.Kh1 Re8 12.Nb3 b6 13.Bf3 Bb7 14.Qd2 Nd7 15.Rad1 Nc5
16.Nd4 Bf8 17.Qf2 Rac8 18.Rde1 g6 19.Nxc6 Bxc6 20.b3 Bg7 21.Bd4 Bxd4 22.Qxd4 e5
23.fxe5 Rxe5 24.Rd1 Rd8 25.h3 Ne6 26.Qd2 b5 27.axb5 axb5 28.b4 Qe7 29.Nd5 Bxd5
30.exd5 Ng5 31.Qd3 Rb8 32.c4 Re3 33.Qc2 bxc4 34.Qxc4 Qe5 35.Rb1 Rc3 36.Qa2 Nxf3
37.Rxf3 Rxf3 38.gxf3 Qf4 39.Qb3 Re8 40.Rb2 Re1+  0-1

[Event "29th ECC Open 2013"]
[Site "Rhodes GRE"]
[Date "2013.10.21"]
[Round "2.3"]
[White "Sasikiran,K"]
[Black "Boidman,Y"]
[Result "1-0"]
[WhiteElo "2662"]
[BlackElo "2398"]

1.d4 d5 2.c4 c6 3.Nf3 Nf6 4.Nc3 e6 5.Bg5 h6 6.Bh4 Be7 7.e3 O-O 8.Qc2 Nbd7
9.Rd1 a6 10.a3 b5 11.c5 Nh5 12.Bxe7 Qxe7 13.Ne5 Nxe5 14.dxe5 Qg5 15.f4 Qh4+
16.Qf2 Qxf2+ 17.Kxf2 g5 18.g4 Ng7 19.Kg3 f6 20.Ne2 fxe5 21.fxe5 h5 22.h3 Ra7
23.Bg2 Raf7 24.Rd2 Rf2 25.Rhd1 Bd7 26.Nd4 Rxd2 27.Rxd2 Kh7 28.Nf3 Kh6 29.Bf1 a5
30.b3 Ne8 31.Bd3 h4+ 32.Kg2 Nc7 33.Nd4 Kg7 34.Rc2 Kh6 35.Rc1 Kg7 36.Rc3 Kh6
37.Rc2 Kg7 38.Ra2 Na6 39.Rc2 Nc7 40.Nf3 Kh6 41.Rc1 Ra8 42.Nd4 Rf8 43.Be2 Kg7
44.Bf3 Kg6 45.Kf2 Ra8 46.Bd1 b4 47.Be2 bxa3 48.Ra1 Nb5 49.Bxb5 cxb5 50.Rxa3 b4
51.Ra1 Kf7 52.Ke1 a4 53.c6 Bc8 54.Rxa4 Rxa4 55.bxa4 Ba6 56.Nb5  1-0

[Event "29th ECC Open 2013"]
[Site "Rhodes GRE"]
[Date "2013.10.22"]
[Round "3.5"]
[White "Sasikiran,K"]
[Black "Smirnov,P"]
[Result "1/2-1/2"]
[WhiteElo "2662"]
[BlackElo "2641"]

1.d4 d5 2.c4 e6 3.Nf3 Nf6 4.e3 b6 5.Nc3 Bb7 6.cxd5 exd5 7.g3 Bd6 8.Bg2 O-O
9.O-O Nbd7 10.Qc2 a6 11.b3 Qe7 12.Bb2 Rac8 13.Rac1 Rfe8 14.Rfd1 Ne4 15.Nxe4 dxe4
16.Ne5 Bxe5 17.dxe5 Nxe5 18.Bxe5 Qxe5 19.Bh3 f5 20.Rd7 Bd5 21.Rxc7 Be6 22.Bf1 b5
23.Rxc8 Rxc8 24.Qd2 Rxc1 25.Qxc1 Qd6 26.a4 Bxb3 27.axb5 axb5 28.Bxb5 Qd1+
29.Qxd1 Bxd1 30.Kf1 Kf7 31.Ke1 Bb3 32.Kd2 Kf6 33.h4 Ke5 34.Kc3 Bd1 35.Kd2 Bb3
36.Kc3 Bd1 37.Kd2 Bb3  1/2-1/2

[Event "29th ECC Open 2013"]
[Site "Rhodes GRE"]
[Date "2013.10.24"]
[Round "5.3"]
[White "Koch,T1"]
[Black "Sasikiran,K"]
[Result "0-1"]
[WhiteElo "2437"]
[BlackElo "2662"]

1.d4 Nf6 2.c4 e6 3.Nf3 b6 4.g3 Ba6 5.b3 d5 6.Bg2 Bb4+ 7.Bd2 Be7 8.cxd5 exd5
9.Nc3 O-O 10.O-O Re8 11.Qc2 c5 12.Rfd1 Nc6 13.Bg5 h6 14.Bxf6 Bxf6 15.e3 Rc8
16.a3 cxd4 17.exd4 Qd6 18.Qd2 Rcd8 19.Rac1 Bb7 20.Qb2 a6 21.h3 g6 22.b4 Bg7
23.Qd2 a5 24.Nb5 Qd7 25.bxa5 Nxa5 26.Qb4 Bc6 27.a4 Nc4 28.Re1 Ra8 29.Bf1 Qf5
30.Kg2 Bf8 31.Qb3 h5 32.Rxe8 Rxe8 33.Bd3 Qf6 34.Qc2 Bh6 35.Rd1 Re3 36.Ne5 Nxe5
37.fxe3 Qf3+ 38.Kh2 h4 39.gxh4 Bxe3 40.Qe2 Bf4+ 41.Kg1 Qxh3 42.Qg2 Qe3+ 43.Qf2 Nxd3
44.Rxd3 Qxd3 45.Qxf4 Bxb5 46.axb5 Qxb5 47.h5 Qb1+ 48.Kh2 Qf5 49.Qb8+ Kg7
50.hxg6 Qh5+ 51.Kg3 Qxg6+ 52.Kh4 Qe4+ 53.Kh5 Qxd4 54.Qg3+ Kh7 55.Qf4 Qd1+
56.Kg5 Qg1+ 57.Kh4 Qg6  0-1

[Event "51st ch-IND Premier 2013"]
[Site "Jalgaon IND"]
[Date "2013.12.17"]
[Round "1.4"]
[White "Sasikiran,K"]
[Black "Vishnu,P"]
[Result "1-0"]
[WhiteElo "2666"]
[BlackElo "2523"]

1.d4 Nf6 2.c4 e6 3.Nc3 Bb4 4.Qc2 O-O 5.Nf3 d5 6.e3 c5 7.a3 Bxc3+ 8.bxc3 Nc6
9.Be2 dxc4 10.Bxc4 Qc7 11.Bd3 Ne7 12.e4 h6 13.Qb1 Ng6 14.O-O e5 15.Bb2 Nh5
16.Re1 Bg4 17.Nxe5 Nxe5 18.dxe5 Qxe5 19.c4 Qg5 20.Bc1 Qe5 21.Be3 Rad8 22.Bf1 b6
23.Qc1 Rfe8 24.f3 Bc8 25.a4 a5 26.Ra2 Re6 27.g4 Rg6 28.Bg2 Bxg4 29.fxg4 Rxg4
30.Rd2 Re8 31.Rf2 Re6 32.h3 Rg3 33.Bf4 Nxf4 34.Qxf4 Qxf4 35.Rxf4 Reg6 36.Re2 f6
37.Kh2 Ra3 38.e5 fxe5 39.Bd5+ Kh7 40.Rf8 Rg5 41.Be4+ g6 42.Ref2  1-0

[Event "51st ch-IND Premier 2013"]
[Site "Jalgaon IND"]
[Date "2013.12.19"]
[Round "3.3"]
[White "Sasikiran,K"]
[Black "G.,A"]
[Result "1-0"]
[WhiteElo "2666"]
[BlackElo "2343"]

1.d4 Nf6 2.c4 g6 3.g3 Bg7 4.Bg2 c6 5.Nf3 O-O 6.O-O d5 7.Qb3 Qb6 8.Nc3 Bf5
9.h3 Rd8 10.Re1 Ne4 11.g4 Be6 12.Bf4 Na6 13.Qxb6 axb6 14.cxd5 cxd5 15.Rec1 Rdc8
16.Ng5 Nxg5 17.Bxg5 Bxd4 18.Nxd5 Bxd5 19.Bxd5 Nc5 20.Rab1 e6 21.Bf3 Kg7 22.Rc4 e5
23.e3 Ne6 24.Rxc8 Rxc8 25.Bh4 Bc5 26.Bxb7 Rc7 27.Bd5 Rd7 28.Bxe6 fxe6 29.Kf1 e4
30.Ke2 Kf7 31.Rc1 Ra7 32.a3 e5 33.Rc4 Ke6 34.Rxe4 Kd5 35.f3 b5 36.Be1 g5
37.Bb4 Bb6 38.Bc3 Bc7 39.Rb4 Kc6 40.Bd2 Bd6 41.Rb3 Rf7 42.e4  1-0

[Event "51st ch-IND Premier 2013"]
[Site "Jalgaon IND"]
[Date "2013.12.21"]
[Round "5.2"]
[White "Sasikiran,K"]
[Black "Akshat,Kh"]
[Result "1-0"]
[WhiteElo "2666"]
[BlackElo "2409"]

1.d4 Nf6 2.Nf3 g6 3.Bg5 Bg7 4.Nbd2 c5 5.e3 O-O 6.c3 b6 7.Bd3 Bb7 8.O-O d6
9.Re1 Nbd7 10.e4 cxd4 11.cxd4 e5 12.d5 h6 13.Bh4 g5 14.Bg3 Ne8 15.h4 g4 16.Nh2 h5
17.f3 f5 18.exf5 gxf3 19.Nhxf3 Ndf6 20.Ng5 Bxd5 21.Bc4 Qd7 22.Bxd5+ Nxd5
23.Qb3 Nc7 24.Ne6 Rf7 25.Ne4 Kh8 26.Red1 Rxf5 27.N6g5 Raf8 28.Rxd5 Nxd5 29.Qxd5 Qa4
30.Kh2 Bh6 31.Qxd6  1-0

[Event "51st ch-IND Premier 2013"]
[Site "Jalgaon IND"]
[Date "2013.12.22"]
[Round "6.7"]
[White "Ashwin,J"]
[Black "Sasikiran,K"]
[Result "0-1"]
[WhiteElo "2487"]
[BlackElo "2666"]

1.e4 c6 2.d4 d5 3.e5 Bf5 4.Nd2 e6 5.Nb3 Nd7 6.Nf3 Ne7 7.Be2 h6 8.O-O g5 9.Ne1 Qc7
10.Nd3 b6 11.Be3 Bg7 12.f4 c5 13.dxc5 bxc5 14.Ndxc5 gxf4 15.Rxf4 Bxe5 16.Rh4 Ng6
17.Nxd7 Kxd7 18.Rh5 Bxc2 19.Qf1 Bf4 20.Bd4 Bxb3 21.Bxh8 Rxh8 22.axb3 Rb8
23.Rh3 Ke7 24.Qf2 a5 25.Bh5 Bd6 26.Rc3 Qb6 27.Qxb6 Rxb6 28.Rxa5 Ne5 29.Ra7+ Kf6
30.Bxf7 Bb8 31.Ra8 Nxf7 32.Rf3+ Ke7 33.Kf1 Ng5 34.Rc3 Bxh2 35.g3 Ne4 36.Rc7+ Kd6
37.Rh7 Rxb3 38.Ra6+ Kc5 39.Rxh6 Rxb2 40.Rhxe6 Rf2+ 41.Ke1 Bxg3 42.Ra5+ Kb4
43.Raa6 Rh2+ 44.Kf1 Nd2+  0-1

[Event "51st ch-IND Premier 2013"]
[Site "Jalgaon IND"]
[Date "2013.12.24"]
[Round "7.1"]
[White "Sasikiran,K"]
[Black "Debashis,D"]
[Result "1-0"]
[WhiteElo "2666"]
[BlackElo "2507"]

1.d4 Nf6 2.c4 e6 3.g3 d5 4.Bg2 Bb4+ 5.Bd2 Be7 6.Nf3 O-O 7.O-O c6 8.Qc2 b6
9.Rd1 Ba6 10.Ne5 Nfd7 11.cxd5 cxd5 12.e4 Nxe5 13.exd5 Be2 14.dxe5 Bxd1 15.Qxd1 exd5
16.Nc3 Nc6 17.Qe2 Bb4 18.Rd1 Bxc3 19.Bxc3 Ne7 20.e6 fxe6 21.Bh3 Kh8 22.Bxe6 Qc7
23.Qg4 Ng8 24.Qh3 d4 25.Rxd4 Rad8 26.Bf5 h6 27.Rh4 Rd6 28.Re4 Rd5 29.Bg4 Nf6
30.Rf4 Qd8 31.Bf3 Rd3 32.Qf5 Kg8 33.Be2 Rd7 34.Qg6 Rc7 35.Bd3 Rc5 36.Bxf6 Rxf6
37.Rxf6  1-0

[Event "51st ch-IND Premier 2013"]
[Site "Jalgaon IND"]
[Date "2013.12.25"]
[Round "8.7"]
[White "Sasikiran,K"]
[Black "Deepan,C"]
[Result "1/2-1/2"]
[WhiteElo "2666"]
[BlackElo "2462"]

1.d4 e6 2.c4 Bb4+ 3.Bd2 Bxd2+ 4.Qxd2 Nf6 5.g3 O-O 6.Bg2 d5 7.Nf3 Qe7 8.O-O Rd8
9.Rc1 Nc6 10.Na3 a6 11.h3 h6 12.Qe3 Kf8 13.Ne5 Nxe5 14.dxe5 Ne8 15.c5 Kg8
16.Nc2 c6 17.Nd4 Nc7 18.h4 Bd7 19.Nf3 a5 20.Ne1 Be8 21.Nd3 a4 22.Qd4 Ra5
23.Bf3 Na6 24.b4 axb3 25.axb3 Rxa1 26.Rxa1 Nc7 27.Ra4 Ra8 28.Rxa8 Nxa8 29.e3 Nc7
30.Be2 Na6 31.b4 Qc7 32.f4 Nb8 33.Qa1 b6 34.cxb6 Qxb6 35.Kf2 Nd7 36.Qa5 Kf8
37.Qxb6 Nxb6 38.Nc5 Ke7 39.Ke1 Nd7 40.Nxd7 Kxd7 41.Kd2 Kc7 42.Kc3 f5 43.exf6 gxf6
44.g4 Kd6 45.Kd4 e5+ 46.fxe5+ fxe5+ 47.Kc3 Bg6 48.Ba6 c5 49.bxc5+ Kxc5 50.Bd3 d4+
51.exd4+ exd4+ 52.Kd2 Bxd3 53.Kxd3 Kd5 54.g5 hxg5 55.hxg5 Ke5 56.g6 Kf6 57.Kxd4 Kxg6  1/2-1/2

[Event "51st ch-IND Premier 2013"]
[Site "Jalgaon IND"]
[Date "2013.12.26"]
[Round "9.2"]
[White "Adhiban,Baskaran"]
[Black "Sasikiran,K"]
[Result "1-0"]
[WhiteElo "2569"]
[BlackElo "2666"]

1.d4 Nf6 2.c4 e6 3.Nf3 b6 4.g3 Ba6 5.Qb3 Nc6 6.Nbd2 Bb7 7.e4 d5 8.cxd5 exd5
9.e5 Ne4 10.Bg2 Be7 11.O-O O-O 12.Re1 f5 13.exf6 Nxf6 14.Nb1 Ng4 15.Nc3 Rxf3
16.Bxf3 Nxd4 17.Qd1 Nxf3+ 18.Qxf3 Nf6 19.Bg5 Qd7 20.Rad1 c6 21.Qe2 Bd8 22.b4 h6
23.Bxf6 Bxf6 24.Ne4 Bd8 25.Nd6 Qxd6 26.Qe8+ Kh7 27.Re6 Bf6 28.Qxa8 Qxe6 29.Qxb7 Qe2
30.Rf1 Qc4 31.Qxa7 Qxb4 32.Qd7 Qc3 33.Qf5+ g6 34.Qb1 Bd4 35.Re1 Kg7 36.Re6 Bf6
37.Qxb6  1-0

[Event "51st ch-IND Premier 2013"]
[Site "Jalgaon IND"]
[Date "2013.12.27"]
[Round "10.6"]
[White "Sasikiran,K"]
[Black "Lalith,B"]
[Result "1-0"]
[WhiteElo "2666"]
[BlackElo "2569"]

1.d4 Nf6 2.c4 e6 3.Nf3 Bb4+ 4.Nbd2 O-O 5.a3 Be7 6.e4 d6 7.Be2 Nbd7 8.O-O e5
9.Qc2 Re8 10.b3 Bf8 11.Re1 g6 12.Bb2 Bg7 13.Rad1 exd4 14.Nxd4 Nc5 15.Bf1 Bd7
16.g3 h5 17.Bg2 h4 18.N4f3 hxg3 19.hxg3 Ng4 20.Bxg7 Kxg7 21.b4 Ne6 22.c5 dxc5
23.Bh3 Ng5 24.Nxg5 Qxg5 25.Nf3 Qe7 26.Qc3+ Kg8 27.bxc5 Rad8 28.Kg2 Qf6 29.e5 Qf5
30.Rxd7 Rxd7 31.Qb4  1-0

[Event "51st ch-IND Premier 2013"]
[Site "Jalgaon IND"]
[Date "2013.12.28"]
[Round "11.3"]
[White "Thejkumar,M"]
[Black "Sasikiran,K"]
[Result "1/2-1/2"]
[WhiteElo "2452"]
[BlackElo "2666"]

1.d4 d5 2.c4 c6 3.Nf3 Nf6 4.Qb3 dxc4 5.Qxc4 Bg4 6.Nc3 Nbd7 7.Qd3 e6 8.e4 c5
9.d5 exd5 10.exd5 Bd6 11.Be2 O-O 12.O-O a6 13.a4 Re8 14.Be3 Qc7 15.h3 Bh5
16.Rfe1 Rad8 17.Nh4 Bxe2 18.Rxe2 Nb6 19.Bg5 Rxe2 20.Qxe2 Re8 21.Qd3 c4 22.Qf3 Be5
23.Bxf6 Bxf6 24.Nf5 g6 25.a5 gxf5 26.axb6 Qxb6 27.Ra4 Qb3 28.Qg3+ Kh8 29.d6 Rd8
30.Kh2 Qb6 31.Nd5 Qxd6 32.Nxf6 Qxf6 33.Rxc4 Qxb2 34.Qc7 Rf8 35.Rc3 Qb4 36.Qe5+ f6
37.Qc7 Re8 38.Qd7 Qe7 39.Qa4 Qe5+ 40.f4 Qe7 41.Qa5 Qe1 42.Qc7 Rg8 43.Rf3 Qe2
44.Rg3 Rxg3 45.Kxg3 Qe1+ 46.Kh2 Qe4 47.Kg3 Kg8 48.Kh4 Qxg2 49.Qd8+ Kf7 50.Qd7+ Kg6
51.Qe8+ Kh6 52.Qg6+ hxg6  1/2-1/2

[Event "51st ch-IND Premier 2013"]
[Site "Jalgaon IND"]
[Date "2013.12.29"]
[Round "12.5"]
[White "Sasikiran,K"]
[Black "Rathnakaran,K"]
[Result "1-0"]
[WhiteElo "2666"]
[BlackElo "2411"]

1.d4 Nf6 2.c4 c5 3.d5 e6 4.Nc3 exd5 5.cxd5 d6 6.e4 g6 7.f4 Bg7 8.Bb5+ Nfd7
9.a4 O-O 10.Nf3 Na6 11.O-O Nb4 12.Be3 a6 13.Be2 Re8 14.Bf2 Nf6 15.Nd2 Bd7
16.Bh4 h6 17.Nc4 Bxa4 18.Rxa4 b5 19.e5 bxa4 20.Nxd6 g5 21.fxg5 Nfxd5 22.g6 Qxh4
23.gxf7+ Kh8 24.Nxe8 Nf4 25.Qd6  1-0

[Event "51st ch-IND Premier 2013"]
[Site "Jalgaon IND"]
[Date "2013.12.30"]
[Round "13.4"]
[White "Shyam,N"]
[Black "Sasikiran,K"]
[Result "0-1"]
[WhiteElo "2420"]
[BlackElo "2666"]

1.d4 Nf6 2.Nf3 g6 3.Bg5 Bg7 4.Nbd2 O-O 5.e4 d5 6.exd5 Nxd5 7.Nb3 a5 8.a4 b6
9.Qd2 Bb7 10.Be2 Nd7 11.O-O N7f6 12.Bh6 Ne4 13.Qc1 Qd6 14.Re1 c5 15.Bf1 Ndf6
16.Bf4 Qd5 17.dxc5 bxc5 18.Ne5 Nh5 19.Bc4 Qd8 20.Ng4 Nd6 21.Bxd6 exd6 22.c3 Kh8
23.Ne3 Nf4 24.Bf1 Qc7 25.Qd1 d5 26.g3 d4 27.gxf4 dxe3 28.fxe3 Qc6 29.e4 Qc7
30.Bg2 Rad8 31.Qe2 c4 32.Nd2 Qb6+ 33.Kh1 Qxb2 34.Rab1 Qxd2 35.Qxd2 Rxd2 36.Rxb7 Bxc3
37.Bf1 Rc2 38.Rd1 Bd2 39.Bxc4 Rxc4 40.Rxd2 Rxe4 41.Ra7 Rxa4 42.f5 g5 43.f6 h6
44.Rdd7 Kg8 45.Kg2 Rg4+ 46.Kh3 Rh4+ 47.Kg3 a4 48.Rdc7 Rf4 49.h3 Kh7 50.Rxf7+ Rxf7
51.Rxf7+ Kg6 52.Ra7 Kxf6 53.Ra6+ Kg7 54.Kg2 Rh4  0-1

[Event "TCh-CZE Extraliga 2013-14"]
[Site "Novy Bor CZE"]
[Date "2014.01.18"]
[Round "5.3"]
[White "Sasikiran,K"]
[Black "Biolek,R2"]
[Result "1-0"]
[WhiteElo "2666"]
[BlackElo "2419"]

1.d4 Nf6 2.c4 e6 3.Nf3 d5 4.g3 Bb4+ 5.Bd2 Be7 6.Bg2 O-O 7.O-O c6 8.Qc2 Nbd7
9.Rd1 a6 10.Bf4 Nh5 11.Bc1 Nhf6 12.Nbd2 b5 13.c5 a5 14.e4 Nxe4 15.Nxe4 dxe4
16.Ne5 Nxe5 17.dxe5 Qc7 18.Bf4 Bb7 19.Bxe4 h6 20.a4 b4 21.Be3 Rfd8 22.Rd6 Rd7
23.Rad1 Bxd6 24.cxd6 Qd8 25.Qc5 Qf8 26.Bb1 g6 27.Rd4 Ba6 28.f3 b3 29.Be4 Rb8
30.Bd2 f5 31.exf6 e5 32.Qxe5 Re8 33.Qxa5 Qxf6 34.Bc3  1-0

[Event "TCh-CZE Extraliga 2013-14"]
[Site "Novy Bor CZE"]
[Date "2014.01.19"]
[Round "6.4"]
[White "Sasikiran,K"]
[Black "Ponizil,C"]
[Result "1-0"]
[WhiteElo "2666"]
[BlackElo "2432"]

1.d4 Nf6 2.Nf3 g6 3.Bg5 Bg7 4.Nbd2 O-O 5.c3 d5 6.e3 c6 7.Be2 Bf5 8.O-O Nbd7
9.h3 Ne4 10.Nxe4 Bxe4 11.Qb3 f6 12.Bh4 Qb6 13.Nd2 Bf5 14.c4 Be6 15.Qa3 c5
16.cxd5 Bxd5 17.e4 Bf7 18.d5 g5 19.Nc4 Qb4 20.Qxb4 cxb4 21.Bg3 f5 22.exf5 Bxd5
23.Rad1 Nf6 24.Rd4 e6 25.fxe6 Bxe6 26.Rfd1 Rac8 27.b3 a5 28.Ne3 Rfe8 29.Bf3 Re7
30.Rd6 a4 31.Bxb7 Rxb7 32.Rxe6 Nh5 33.Bd6 Nf4 34.Bxf4 gxf4 35.Nc4 a3 36.Re4 Rf8
37.Rd3 Rc7 38.Kf1 Rff7 39.Ke2 Rfe7 40.Rd8+ Kf7 41.Rxe7+ Rxe7+ 42.Kf3 Re1
43.Rd2 Ra1 44.Rc2 Ke6 45.Kxf4 Kd7 46.Ne5+ Kd6 47.Nd3 Bc3 48.Ke4 h5 49.g3 Rh1
50.h4 Ra1 51.f4 Rb1 52.Rc1  1-0

[Event "13th Asian Continental 2014"]
[Site "Sharjah UAE"]
[Date "2014.04.17"]
[Round "1.3"]
[White "Vakhidov,J"]
[Black "Sasikiran,K"]
[Result "0-1"]
[WhiteElo "2472"]
[BlackElo "2680"]

1.d4 Nf6 2.c4 e6 3.Nc3 Bb4 4.Qc2 O-O 5.Nf3 d6 6.Bd2 Re8 7.a3 Bxc3 8.Bxc3 Nbd7
9.e3 b6 10.Bd3 Bb7 11.O-O e5 12.Nd2 e4 13.Be2 d5 14.c5 Nf8 15.b4 Bc8 16.Rae1 Bg4
17.Bb5 Re6 18.h3 a6 19.Be2 Bxe2 20.Rxe2 Ng6 21.Ree1 Nh4 22.Qd1 h5 23.b5 axb5
24.cxb6 cxb6 25.Bb4 Nh7 26.Qxh5 Rh6 27.Qe5 Rg6 28.Kh1 Nxg2 29.Rc1 Qd7 30.Qh2 Nh4
31.Rg1 Ng5 32.Rg4 Ngf3 33.Nxf3 Nxf3 34.Qg3 Rc8 35.Rg1 Rxg4 36.Qxg4 Qxg4 37.hxg4 Nxg1
38.Kxg1 Rc6 39.Kg2 Kh7 40.Kg3 Rf6 41.Be7 Rf3+ 42.Kg2 Kh6 43.Bh4 g5 44.Bg3 Rf6
45.Bc7 Kg6 46.Kf1 Rc6 47.Bd8 Re6  0-1